000 00716nam a2200217Ii 4500
003 JO-AjNU
008 230605s9999||||xx |||||||||||||| ||und||
017 _a1995/4/364
040 _aJO-AjNU
_bara
_erda
_cJO-AjNU
041 _aara
050 1 4 _aDS63.6 .D5764 1995
100 3 _aالدوري، عبد العزيز,
_eauthor
_947677
245 0 0 _aالتكوين التاريخي للامة العربية
264 3 1 _aعمان: وزارة الشباب، 1995
300 _a67ص
336 _atext
_btxt
_2rdacontent
337 _aunmediated
_bn
_2rdamedia
338 _avolume
_bnc
_2rdacarrier
490 0 _aسلسلة التثقيف الشبابي؛ (12)
650 4 _aالقومية العربية
_947678
999 _aA20829
_c24397
_d24397